1410 1555 1217 1883 1099 1033 1722 1332 1680 1674 1443 1773 1067 1792 1853 1240 1066 1222 1934 1543 1721 1831 1665 1173 1095 1260 1756 1378 1228 1508 1677 1345 1544 1025 1673 1511 1146 1837 1505 1154 1857 1138 1447 1435 1686 1758 1692 1105 1670 1714 1701 1737 1568 1657 1583 1673 1227 1051 1327 1350 1429 1376 1210 1357 1613 1222 1296 1160 1532 1937 1630 1554 1420 1530 1091 1762 1988 1642 1620 1077 1070 1547 1258 1230 1524 1905 1776 1009 1062 1945 1421 1675 1844 1607 1316 1697 1984 1753 1951 BCNSPRNW ULIB Ver.6.0+V

เปลี่ยนเป็นภาษาไทย

Change to English
 แสดงรายละเอียดบรรณานุกรม
  กลับหน้าหลัก

Brief Record : Get Marc (ISO 2709) : E-mail record : QR code < ปิดหน้าต่าง
LEADER : 00000nam 2200000uu 4500
001    13399120452
003     ULIB
008    120920s2545||||th 000 0 tha d
020    ^a9742947376
060 04 ^aWB205^bส192ข 2545
110 2  ^aสภาการพยาบาล
245 10 ^aข้อกำหนดการรักษาโรคเบื้องต้นและการให้ภูมิคุ้มกันโรค /^cโดยสภาการพยาบาล
260    ^a[นนทบุรี] :^bสภาการพยาบาล,^c2545
300    ^a191 หน้า ;^c27 ซม.
650  7 ^aการตรวจร่างกาย
650  7 ^aการพยาบาล
650  7 ^aการวินิจฉัยโรคทางห้องปฏิบัติการ
650  7 ^aวิทยาภูมิคุ้มกัน
945    ^p0^l0^i15760
945    ^p0^l0^i15387
995    ^aกัณชพร
999 ^a ใช้งานได้ทุกระบบ
รายการนี้ยังไม่มีแท็ก
คุณยังไม่ได้ล็อกอิน คุณสามารถมีกิจกรรมร่วมกับเว็บไซต์ได้ แต่ต้องล็อกอินก่อน ::
  ล็อกอิน

รายการสื่อสารสนเทศ

ลำดับที่ ประเภท เลขเรียก/บาร์โค้ด สถานที่ สถานะ
1. วิทยาศาสตร์การแพทย์ และสุขภาพ
วิทยาศาสตร์การแพทย์ และสุขภาพ
WB205 ส192ข 2545  
  Barcode: 15760
ห้องสมุดวิทยาเขตสวรรค์ประชารักษ์
►หนังสือทั่วไป
บนชั้น
2. วิทยาศาสตร์การแพทย์ และสุขภาพ
วิทยาศาสตร์การแพทย์ และสุขภาพ
WB205 ส192ข 2545 ฉ.2 
  Barcode: 15387
ห้องสมุดวิทยาเขตสวรรค์ประชารักษ์
►หนังสือทั่วไป
บนชั้น

รายการใกล้เคียง
    หัวเรื่อง [การตรวจร่างกาย]
    หัวเรื่อง [การพยาบาล]
    หัวเรื่อง [การวินิจฉัยโรคทางห้องปฏิบัติการ]
    หัวเรื่อง [วิทยาภูมิคุ้มกัน]

BibComment


ยังไม่เคยถูกคอมเมนท์

คอมเมนท์ทรัพยากรรายการนี้
  คอมเมนท์: ข้อกำหนดการรักษา..


 Copyright 2026. Bcnsprnw @Library